00919 2200301 4500001002100000005001500021035002000036007000300056008004100059020002200100040002200122082001400144084001600158090002200174100003700196245011400233250003200347300003100379650001300410850001200423504003300435264003100468336002100499337003000520338002300550999002200573990002200595INLIS00000000088821720240702121619 a0010-0724000116ta240702s2024 yoi g ind d a978-623-8350-90-2 aYOPDYOGbinderda04223a929.1 a929.1 HAS m aCB-D.11 2024-13593 aHasiholan, Djabintangepengarang10aMarga Siboro :bpusuk buhit sianjur mula mula, Datu Parulas Parultop dan keturunannya /cDjabintang Hasiholan aCetakan pertama, Maret 2024 axxvi, 250 halaman ;c20 cm 4aSilsilah aYOPDYOG aBibliografi: halaman 247-24831aSleman :bBukunesia,c2024 2rdacontentateks 2rdamediaatanpa perantara 2rdacarrieravolume aCB-D.11/2024-1359 aCB-D.11/2024-1359